000 00326nam a2200133Ia 4500
008 231129s1961||||xx |||||||||||||| ||spa||
040 _bspa
082 _a930.1028 M888a
100 _aMortimer Wheeler R.E. Sir
245 0 _aArqueologia de campo
260 _c1961
264 _aFondo de Cultura Economica
942 _2ddc
_cBKS
999 _c5581
_d5581